|
|
|
|
| LEADER |
00930nam a2200253 a 4500 |
| 001 |
000652726 |
| 003 |
CZ BrMZK |
| 005 |
20100921081231.0 |
| 008 |
030209s1964 xr f cze d |
| 040 |
|
|
|a BOA001
|b cze
|c BOA001
|
| 080 |
|
|
|a 669.046.585
|2 MRF
|
| 080 |
|
|
|a 669.046.584
|2 MRF
|
| 100 |
1 |
|
|a Karnovský, Miloš
|7 mzk2010598442
|4 aut
|
| 245 |
1 |
0 |
|a Syntetické rafinační strusky /
|c M. Karnovský, M. Červinka, M. Mandl
|
| 260 |
|
|
|a Praha :
|b Výzkumný ústav hutnictví železa,
|c 1964
|
| 300 |
|
|
|a 32 s.
|
| 490 |
1 |
|
|a Hutnické aktuality ;
|v Sv. 10, roč. 5/1964
|
| 504 |
|
|
|a Bibliografie na s. 31-32
|
| 700 |
1 |
|
|a Mandl, Miroslav
|7 xx0059069
|4 aut
|
| 700 |
1 |
|
|a Červinka, M.
|7 mzk2010580893
|4 aut
|
| 830 |
|
0 |
|a Hutnické aktuality (Výzkumný ústav hutnictví železa)
|
| 910 |
|
|
|a BOA001
|b TK-A-0120.674
|
| 990 |
|
|
|a BK
|
| 996 |
7 |
|
|b 2629945223
|c TK-A-0120.674
|l MZK
|r Sklad / do 24 hodin
|n 3
|w 000652726
|u 000010
|a 1
|e BOA001
|j MZK50
|s A
|